Statistics for NFL teams

Click here to take the quiz!

General Stats

  • This quiz has been taken 17 times
  • The average score is 28 of 32

Answer Stats

HintAnswer% Correct
AFCEBills
100%
AFCWChiefs
100%
NFCEGiants
100%
AFCEJets
100%
AFCEPats
100%
AFCNRavens
100%
NFCNBears
90%
AFCNBrowns
90%
NFCSBucs
90%
AFCSColts
90%
NFCECommanders
90%
NFCECowboys
90%
AFCEDolphins
90%
NFCEEagles
90%
NFCNPackers
90%
NFCSPanthers
90%
NFCWRams
90%
NFCSSaints
90%
AFCNSteelers
90%
AFCSTexans
90%
NFCNVikings
90%
NFCW49ers
80%
AFCNBengals
80%
AFCWBroncos
80%
NFCWCardinals
80%
NFCSFalcons
80%
AFCSJags
80%
NFCNLions
80%
AFCWRaiders
80%
NFCWSeahawks
80%
AFCSTitans
80%
AFCWChargers
70%

Score Distribution

Percentile by Number Answered

Percent of People with Each Score

Your Score History

You have not taken this quiz